000
00447nam a2200133Ia 4500
008
100328s9999 xx 000 0 und d
082
_b
6577
100
_a
आपटे ह.ना.
245
_a
तीन नाटके व तीन प्रहसने
260
_b
---
630
_a
तीन नाटके व तीन प्रहसने
730
_a
तीन नाटके व तीन प्रहसने
942
_c
BOOK
999
_c
502464
_d
502461